Fußball: Alle deutschen Nationalspieler von Bayern München ab 2000 - Statistiken

Allgemein
  • Dieses Quiz wurde 1.257 mal gespielt
    322 seit der letzten Aktualisierung
  • Das Durchschnittsergebnis liegt bei 23 aus 36
Antwortstatistiken
Debüt
Nationalmannschaft
Anzahl
Länderspiele
insgesamt
Spieler % Korrekt
2009* 124 Manuel Neuer
97%
2010 131 Thomas Müller
96%
2016 104 Joshua Kimmich
93%
2004* 113 Philipp Lahm
93%
2004 121 Bastian Schweinsteiger
91%
2021 40 Jamal Musiala
90%
2009* 76 Jerome Boateng
89%
2010* 78 Mats Hummels
89%
1980* 150 Lothar Matthäus
86%
2016* 55 Serge Gnabry
86%
2014* 65 Leon Goretzka
84%
1995 86 Oliver Kahn
83%
2015* 59 Leroy Sane
82%
2001* 137 Miroslav Klose
82%
2010* 66 Mario Götze
75%
2010* 108 Toni Kroos
75%
2024 7 Aleksandar Pavlovic
74%
2004* 130 Lukas Podolski
74%
2007* 78 Mario Gomez
66%
1999* 98 Michael Ballack
66%
1995 36 Mehmet Scholl
59%
2016* 49 Niklas Süle
57%
2010 31 Holger Badstuber
53%
1998 33 Carsten Jancker
48%
2016* 40 Jonathan Tah
48%
2000* 4 Hans Jörg Butt
47%
2014* 29 Sebastian Rudy
44%
2000* 36 Sebastian Deisler
41%
2001* 79 Torsten Frings
40%
2017* 8 Sandro Wagner
35%
1997* 43 Thomas Linke
34%
1998 12 Alexander Zickler
32%
1997* 55 Jens Jeremies
32%
2005* 45 Marcell Jansen
23%
1995 51 Markus Babbel
22%
2003* 7 Tobias Rau
18%
Keine übereinstimmenden Quizze gefunden
Verteilung der Resultate
Anzahl Personen mit jedem Resultat
Perzentil nach korrekt beantworteten Fragen
Ihre Resultats-Entwicklung
Sie haben dieses Quiz seit der letzten Aktualisierung nicht gespielt